[Event "Barcelona ASPE op 1st"]
[Site "Barcelona"]
[Date "2011.04.05"]
[Round "1"]
[White "Garcia Domingo, Angel"]
[Black "Vidarte Morales, Arturo"]
[Result "0-1"]
[WhiteElo "1845"]
[BlackElo "2391"]
[PlyCount "34"]
[EventDate "2011.04.05"]
[EventType "swiss"]
[EventRounds "9"]
[EventCountry "ESP"]
[SourceTitle "CBM 142 Extra"]
[Source "ChessBase"]
[SourceDate "2011.06.27"]
[SourceVersion "1"]
[SourceVersionDate "2011.06.27"]
[SourceQuality "1"]

1. d4 Nf6 2. Nf3 g6 3. g3 Bg7 4. Bg2 0-0 5. 0-0 d5 6. c4 dxc4 7. Ne5 Nc6 8. Nxc6 bxc6 9. Na3 Be6 10. Qc2 Qxd4 11. Rd1 Qc5 12. Be3 Qh5 13. Bxc6 Ng4 14. h4 Nxe3 15. fxe3 Rab8 16. Nxc4 Qc5 17. Bf3 Bxc4 0-1

[Event "Barcelona Escacs CC tt"]
[Site "Barcelona"]
[Date "2007.05.05"]
[Round "4"]
[White "Subirachs Mancebo, Guillem"]
[Black "Garcia Domingo, Angel"]
[Result "1-0"]
[WhiteElo "2021"]
[BlackElo "1858"]
[PlyCount "79"]
[EventDate "2007.04.14"]
[EventType "team"]
[EventRounds "7"]
[EventCountry "ESP"]
[SourceTitle "EXT 2009"]
[Source "ChessBase"]
[SourceDate "2008.11.26"]
[SourceVersion "1"]
[SourceVersionDate "2008.11.26"]
[SourceQuality "1"]

1. e4 c5 2. Nc3 Nc6 3. g3 g6 4. Bg2 Bg7 5. d3 d6 6. Be3 Nf6 7. h3 0-0 8. Qd2 Nd4 9. Nd1 Bd7 10. c3 Nc6 11. Bh6 Rb8 12. Bxg7 Kxg7 13. Ne3 b5 14. f4 e5 15. Ne2 b4 16. 0-0 h5 17. f5 Ne7 18. g4 hxg4 19. hxg4 bxc3 20. bxc3 Ne8 21. g5 f6 22. fxg6 Nxg6 23. Nf5+ Bxf5 24. exf5 Nh4 25. g6 Nc7 26. Ng3 Rh8 27. Qe2 Qd7 28. Nh5+ Rxh5 29. Qxh5 Rh8 30. Qg4 d5 31. Rab1 Nxg2 32. Kxg2 d4 33. c4 Qa4 34. Rf2 Qc6+ 35. Qf3 Qd6 36. Rh1 Rxh1 37. Kxh1 Qb6 38. Qh5 Ne8 39. Qh7+ Kf8 40. Qf7# 1-0

[Event "Barcelona Sant Marti op 04th"]
[Site "Barcelona"]
[Date "2002.04.06"]
[Round "1.51"]
[White "Pinero Mari, Eva"]
[Black "Garcia Domingo, Angel"]
[Result "0-1"]
[WhiteElo "1700"]
[BlackElo "1880"]
[PlyCount "110"]
[EventDate "2002.04.06"]
[EventType "swiss"]
[EventRounds "9"]
[EventCountry "ESP"]
[SourceTitle "EXT 2003"]
[Source "ChessBase"]
[SourceDate "2002.11.25"]
[SourceVersion "1"]
[SourceVersionDate "2002.11.25"]
[SourceQuality "1"]

1. d4 Nf6 2. c4 g6 3. Nc3 d5 4. Bg5 Ne4 5. Nxe4 dxe4 6. e3 Bg7 7. Ne2 c6 8. g3 Qa5+ 9. Nc3 Qxg5 10. Nxe4 Qa5+ 11. Nc3 0-0 12. Bg2 Rd8 13. 0-0 e5 14. d5 Qb4 15. Qd3 Na6 16. Rfd1 Nc7 17. Qe4 cxd5 18. Nxd5 Nxd5 19. Rxd5 Rxd5 20. Qxd5 Be6 21. Qxb7 Qxb7 22. Bxb7 Rb8 23. Bg2 Bxc4 24. b3 Bd3 25. Rd1 e4 26. Bh1 Rc8 27. f3 Be2 28. Rd7 Rc1+ 29. Kf2 exf3 30. Bxf3 Bxf3 31. Kxf3 a5 32. Ra7 Bc3 33. Ke2 Bb4 34. Kd3 Ra1 35. a4 Re1 36. e4 Re3+ 37. Kxe3 Bc5+ 38. Kd3 Bxa7 39. Kc4 Kg7 40. Kb5 Bg1 41. Kxa5 Bxh2 42. b4 Bxg3 43. b5 h5 44. Kb4 h4 45. a5 Be1+ 46. Ka4 Bxa5 47. Kxa5 h3 48. b6 h2 49. b7 h1Q 50. b8Q Qa1+ 51. Kb6 Qb2+ 52. Kc7 Qxb8+ 53. Kxb8 g5 54. Kc7 Kf6 55. Kd6 g4 0-1